Reconocimientos de patrones de espectroscopía de absorción para la clasificación de enfermedades
Uloženo v:
| Hlavní autor: | |
|---|---|
| Další autoři: | |
| Médium: | Kniha |
| Jazyk: | Spanish |
| Vydáno: |
[San José ], Costa Rica
2016
|
| Témata: | |
| Tagy: |
Přidat tag
Žádné tagy, Buďte první, kdo vytvoří štítek k tomuto záznamu!
|
MARC
| LEADER | 00000nam a22000007a 4500 | ||
|---|---|---|---|
| 003 | 012634 | ||
| 005 | 20231130095300.0 | ||
| 008 | 170929b2016 cr a|||| m||| 00| ||spa d | ||
| 040 | |c cru CEDI | ||
| 090 | |a TFG 7785 | ||
| 100 | |a Garro Vargas, Keilyn Andreina, 1995- |9 1933 | ||
| 245 | |a Reconocimientos de patrones de espectroscopía de absorción para la clasificación de enfermedades | ||
| 260 | |a [San José ], Costa Rica |c 2016 | ||
| 300 | |a xv,105 hojas; ilustraciones | ||
| 500 | |a "IE-0499 Proyecto eléctrico”, Proyecto de graduación (bachillerato en ingeniería eléctrica)--Universidad de Costa Rica. Facultad de Ingeniería. Escuela de Ingeniería Eléctrica | ||
| 501 | |a Profesor Guía de IE-0499 Proyecto Eléctrico: Dr. rer. nat. Francisco Siles Canales | ||
| 650 | |x ESPECTROS DE ABSORCION - PROGRAMAS PARA COMPUTADORA |x ALGORITMOS (COMPUTADORAS) - DISEÑO |x INGENIERIA BIOMEDICA |9 9978 | ||
| 700 | |a Siles Canales, Francisco 1980- |d Director de Proyecto Eléctrico |9 712 | ||
| 942 | |c TFG |h TFG 7785 |i 012634 |6 TFG_7785_012634000000000 | ||
| 999 | |c 19040 |d 19040 | ||
